Simposio internacional de lengua y literatura hispánicas /

Guardado en:
Autor Principal: Cvitanovic, Dinko Comp.
Otros Autores: Fontanella De Weinberg, M. Comp.
Formato: Libro
Publicado: Bahía Blanca : Universidad Nacional del Sur.departamento de Humanidades, 1981
Materias:
Etiquetas: Agregar Etiqueta
Sin Etiquetas, Sea el primero en etiquetar este registro!
LEADER 00698nam a22002175a 4500
001 CEM.cems001889
005 20060215000000.0
008 130507s1981##################000#0#####d
003 CEMS
082 0 4 |a A860.1 
100 1 |a Cvitanovic, Dinko Comp. 
245 1 0 |a Simposio internacional de lengua y literatura hispánicas / 
260 |a Bahía Blanca :  |b Universidad Nacional del Sur.departamento de Humanidades,  |c 1981 
300 |a 260 p. 
653 |a Linguistica 
653 |a Literatura 
653 |a Literatura argentina 
653 |a Literatura española 
653 |a Sociolinguistica 
700 1 |a Fontanella De Weinberg, M. Comp. 
859 |a CEMS  |b BIB. CEMS - 11 de abril  |h A860.1  |i C989  |p 11561.83  |t Ej.1